000 00237nam a2200097 a 4500
005 20200929162420.0
008 091016s1991 000 spa d
245 0 _aPremios teatro 1989.
260 _aSanto Domingo,
_c1991.
999 _c11020
_d11020
040 _aDO-SdBNP